000 00830nmm a2200265 a 4500
001 ocm0001865142
003 TR-IsHL
005 20201028171823.0
008 180409s2017 tu tur
007 cr cn
020 _a9786059496346
035 _a1865142
_b(N$T)
050 0 4 _aPL248.B47
_bA34 2017
090 0 4 _aPL248.B47
_bA34 2017
100 1 _aBeşik, Halit Fuat
245 1 0 _aAdem'e mektuplar
_h[electronic resource] /
_cHalit Fuat Beşik
260 _aİstanbul :
_bE-Kitap Projesi,
_c2017
300 _a295 p.
650 4 _aDil ve Edebiyat
650 4 _aLanguage and Literature
650 0 _aTürk romanı
650 0 _aTurkish fiction
650 7 _aLITERARY COLLECTIONS / Middle Eastern
_2bisacsh
856 4 0 _uhttp://search.ebscohost.com/login.aspx?direct=true&scope=site&db=e011xww&AN=1865142
999 _c16894
_d16894